El intimísmo en Antonio Machado
Guardat en:
| Autor principal: | |
|---|---|
| Format: | Llibre |
| Idioma: | espanyol |
| Publicat: |
Madrid
Gráficas Cóndor
1971
|
| Matèries: | |
| Etiquetes: |
Afegir etiqueta
Sense etiquetes, Sigues el primer a etiquetar aquest registre!
|
MARC
| LEADER | 00000nam a2200000 a 4500 | ||
|---|---|---|---|
| 001 | UCY6032 | ||
| 003 | CL-VaPUC | ||
| 008 | 950521e19710000SP |||||||||||||||||spa|d | ||
| 082 | 0 | 4 | |a 861.09 |b ROD |2 21 |
| 100 | 0 | |a Rodríguez, Marta |e author |9 335571 | |
| 245 | 1 | 3 | |a El intimísmo en Antonio Machado |
| 246 | 1 | 0 | |a Estudio de la evolución de la obra poética del autor |
| 300 | |a 159 p | ||
| 942 | |c BK | ||
| 945 | |d 19950521 00:00:00 |a rbrito | ||
| 260 | |a Madrid |b Gráficas Cóndor |c 1971 | ||
| 600 | 0 | |a Machado Ruíz, Antonio, |d 1875-1939 |9 389743 | |
| 650 | 0 | |a Poesía española |9 264938 | |
| 650 | 0 | |a Crítica literaria |9 269189 | |
| 583 | |a last modification |c 19950521 00:00:00 |k Rodrigo Vera | ||
| 999 | |c 233617 |d 233615 | ||
| 952 | |0 0 |1 0 |4 0 |6 861_090000000000000_ROD_1971 |7 0 |8 A |9 239249 |a BIBEDU |b BIBEDU |d 2019-11-18 |i 2002302 |o 861.09 ROD 1971 |p 2002302 |r 2019-11-18 |w 2019-11-18 |y BK |k LIT | ||